Oral History at Creating Historical Memory
| Titel: | Oral History at Creating Historical Memory : Who, why and how in Slovakia - until Now and in Future |
|---|---|
| Verfasser: | |
| In: |
Ethnology in Slovakia at the beginning of the 21st century, (2005), Seite 103-115 alle Artikel anzeigen |
| Veröffentlicht: | 2005 |
| Format: | Aufsatz |
| Sprache: | Englisch |
X
alg: 39171183 001A $01999:11-11-16 001B $01999:15-05-21 $t21:02:42.000 001D $01999:11-11-16 001U $0utf8 001X $00 002@ $0Aox 003@ $0391711830 007A $0391711830 $aHEB 007T $0Herdc0023713m 010@ $aeng 011@ $a2005 021A $aOral History at Creating Historical Memory $dWho, why and how in Slovakia - until Now and in Future 028A $aHlôšková $dHana 031A $h103-115 $j2005 039B $aIn $8--Aaxaf--. Ethnology in Slovakia at the beginning of the 21st century. - Wien : Inst. für Europ. Ethnologie der Univ., 2005. - 229 S.. - graph. Darst.. - ISBN 3-902029-10-2 $x200500000000000897 $9180852833 045F $a390.094373 $eDDC23BSB 045F/01 $a390 045F/03 $g4373 lok: 39171183 78 exp: 39171183 78 1 #EPN 201B/01 $019-04-17 $t10:21:04.000 201U/01 $0utf8 203@/01 $0787806544 208@/01 $a11-11-16 $be 209A/01 $a/ $f000 $x00 220C/01 $aTitelaufnehmer: gk;sk 244Z/01 $2Trx $#Slowakische Republik $#Szlovák Köztársaság $#Republika Słowacka $#Slovenská Republika $#Slovensko $#Slowakei $#Słowacja $#Slovensko $8--Trx--Slovenská Republika $x01 $9391345796 244Z/01 $2Trx $#ajalooline teadlikkus $#istorinė sąmonė $#Historical consciousness $#történelmi eszmék $#świadomość historyczna $#vedomie historické $#vědomí historické $#Bewußtsein, historisches $#Erinnerungskultur $#kultura historyczna $#historické vedomie $8--Trx--Geschichtsbewußtsein $x02 $9391380877 244Z/01 $2Trx $#mälestused $#atsiminimai $#Memoirs $#emlékezések $#wspomnienia $#spomienky $#vzpomínky $#memuaarid $#Memoiren $#pamiętniki $#pamäti $#paměti $8--Trx--Erinnerungen $x03 $9391357727 244Z/01 $2Trx $#suulisus $#sakytinė kultūra $#Orality $#szóbeliség $#historia mówiona $#oralita $#oralita $#Mündlichkeit $#oral history $#historia oralna $#oralność $8--Trx--Oralität $x04 $9391355686 244Z/01 $2Trx $8--Trx--Einzelbeiträge $x05 $9391384570 245Z/01 $a11.02 $x01 247C/01 $82080>Marburg/Lahn, Herder-Institut, Forschungsbibliothek, Bibliographieportal $9336309341
| LEADER | 00000caa a22000002c 4500 | ||
|---|---|---|---|
| 001 | 391711830 | ||
| 003 | DE-603 | ||
| 005 | 20210515210242.0 | ||
| 007 | tu | ||
| 008 | 161111s2005 xx |||| | u00||u|eng c | ||
| 035 | |a (DE-599)HEB391711830 | ||
| 040 | |a DE-603 |b ger |c DE-603 |d DE-603 | ||
| 041 | |a eng | ||
| 082 | 0 | 4 | |8 1\u |a 390.094373 |q DE-101 |2 23/BSB |
| 085 | |8 1\u |b 390 | ||
| 085 | |8 1\u |z 2 |s 4373 | ||
| 100 | 1 | |a Hlôšková, Hana | |
| 245 | 0 | 0 | |a Oral History at Creating Historical Memory |b Who, why and how in Slovakia - until Now and in Future |
| 264 | 0 | |c 2005 | |
| 773 | 0 | 8 | |i In |t Ethnology in Slovakia at the beginning of the 21st century |d Wien : Inst. für Europ. Ethnologie der Univ., 2005 |h 229 S., graph. Darst. |z 3902029102 |g (2005), Seite 103-115 |w (DE-603)180852833 |
| 924 | 0 | |9 2080 |a (DE-603)787806544 |b DE-2080 |c HES |d d |g / | |


